| 000 | 00636nam a2200205 i 4500 | ||
|---|---|---|---|
| 001 | 180946 | ||
| 003 | ES-MaACL | ||
| 005 | 20230906221227.0 | ||
| 008 | 120903q19501960sp |||| | spa d | ||
| 080 | _a821-134.2-32"19" | ||
| 245 | 0 | 0 |
_aFridtjof, el vikingo del amor _b: leyenda escandinava / _cportada de Coll. |
| 260 |
_aBarcelona : _bEdiciones G. P., _c[195-?] |
||
| 300 |
_a62 p. ; _c11 cm. |
||
| 490 | 1 |
_aEnciclopedia Pulga ; _v34 |
|
| 650 | 4 |
_aLeyendas- _zEscandinavia. _9151398 |
|
| 700 | 1 |
_aColl, Alejandro. _939607 |
|
| 830 | 0 |
_aEnciclopedia Pulga ; _v34 _9191296 |
|
| 852 |
_aES-MaACL _j2311-F-34 |
||
| 999 |
_c180946 _d180946 |
||